Music Quiz

Random Music or Song Quiz

Songs in Now 2 Album (US) Quiz Stats

Quiz not verified by Sporcle

Challenge
Share
Tweet
Embed
Score 0/18 Timer 04:00
0 Plays Today
Artists Songs % Correct
SemisonicClosing Time
81.8%
Britney SpearsBaby One More Time
54.5%
SublimeWhat I Got
45.5%
New RadicalsYou Get What You Give
39.4%
Jay-ZHard Knock Life
39.4%
EverclearFather of Mine
27.3%
Fatboy SlimPraise You
24.2%
CakeNever There
21.2%
Baz LuhrmannEverybody's Free
15.2%
Artists Songs % Correct
Robbie WilliamsMillennium
12.1%
GarbageI Think I'm Paranoid
12.1%
Spice GirlsGoodbye
12.1%
Blackstreet & Mýa Take Me There
12.1%
U2Sweetest Thing
9.1%
Sheryl CrowMy Favorite Mistake
6.1%
98 DegreesBecause of You
3%
R KellyWhen a Woman's Fed Up
3%
Backstreet BoysI'll Never Break Your Heart
3%

You're not logged in!

Compare scores with friends on all Sporcle quizzes.
Sign Up with Email
OR
Log In

You Might Also Like...

Show Comments

Extras

Top Quizzes Today


Score Distribution

Your Account Isn't Verified!

In order to create a playlist on Sporcle, you need to verify the email address you used during registration. Go to your Sporcle Settings to finish the process.